[Event "DEN-ch G5-1"]
[Site "Svendborg"]
[Date "2018.03.25"]
[Round "2"]
[White "Syndergaard, Stig"]
[Black "Mott, Jens"]
[Result "0-1"]
[WhiteElo "1864"]
[BlackElo "1948"]
[PlyCount "120"]
[EventDate "2018.03.24"]
[EventType "swiss"]
[EventRounds "5"]
[EventCountry "DEN"]
[SourceTitle "EXT 2019"]
[Source "ChessBase"]
[SourceDate "2018.10.10"]
[SourceVersion "1"]
[SourceVersionDate "2018.10.10"]
[SourceQuality "1"]

1. Nf3 d5 2. c4 c6 3. b3 Nf6 4. g3 Bf5 5. Bg2 e6 6. 0-0 h6 7. Bb2 Nbd7 8. d3 Bc5 9. Nc3 0-0 10. Qc2 Qc7 11. Rac1 Rac8 12. Na4 Be7 13. cxd5 exd5 14. Rfe1 Bb4 15. Red1 Rfe8 16. a3 Bf8 17. Re1 Bh7 18. Nd2 b5 19. Nc3 Qb6 20. b4 a5 21. Qb3 a4 22. Qd1 Ng4 23. Rf1 f5 24. Nf3 Be7 25. d4 Bd6 26. e3 Qd8 27. h3 Ngf6 28. Ne1 Nb6 29. Nd3 Nc4 30. Qe2 Qc7 31. Nd1 Ne4 32. Bxe4 fxe4 33. Nc5 Qe7 34. Qg4 Nd2 35. Nc3 Nxf1 36. Rxf1 Rcd8 37. Bc1 g6 38. f4 exf3 39. Qxf3 Rf8 40. Nxd5 cxd5 41. Qxd5+ Kh8 42. Rxf8+ Rxf8 43. e4 Qf6 44. Bf4 Bxf4 45. gxf4 Qxf4 46. Qe5+ Qxe5 47. dxe5 Re8 48. e6 Bg8 49. h4 Bxe6 50. Kf2 Kg7 51. Kg3 Kf6 52. Kf4 g5+ 53. hxg5+ hxg5+ 54. Ke3 Rd8 55. Kf3 Rd1 56. e5+ Kxe5 57. Ne4 Rf1+ 58. Nf2 g4+ 59. Kg2 Rxf2+ 60. Kxf2 Kf4 0-1

[Event "DEN-ch Kort 1"]
[Site "Svendborg"]
[Date "2016.03.21"]
[Round "5"]
[White "Mott, Jens"]
[Black "Velarde, Andrew"]
[Result "1-0"]
[WhiteElo "1929"]
[BlackElo "1815"]
[PlyCount "73"]
[EventDate "2016.03.19"]
[EventType "swiss"]
[EventRounds "5"]
[EventCountry "DEN"]
[SourceTitle "EXT 2023"]
[Source "ChessBase"]
[SourceDate "2022.10.05"]
[SourceVersion "1"]
[SourceVersionDate "2022.10.05"]
[SourceQuality "1"]

1. e4 Nc6 2. d4 d5 3. e5 Bf5 4. c3 e6 5. Be3 Nge7 6. Nd2 Bg6 7. f4 Nf5 8. Bf2 h5 9. g3 Be7 10. Ngf3 Qd7 11. b4 a6 12. a4 Na7 13. Nb3 0-0 14. Bd3 b5 15. a5 Nc6 16. Qd2 Qd8 17. 0-0-0 Nh6 18. h3 Be4 19. Qe2 Bg6 20. Rdg1 f5 21. exf6 Rxf6 22. Ng5 Qd7 23. Re1 Re8 24. Bxg6 Rxg6 25. Qxh5 Rf6 26. Qd1 Bxb4 27. cxb4 Nxb4 28. Nc5 Qd6 29. Re2 Nc6 30. Qd2 b4 31. Nb3 Rb8 32. Qd3 Ne7 33. Qh7+ Kf8 34. Qc2 Rb5 35. Nh7+ Kf7 36. Nxf6 Kxf6 37. Rhe1 1-0

[Event "Politiken Cup 37th"]
[Site "Helsingor"]
[Date "2015.07.30"]
[Round "7"]
[White "Mott, Jens"]
[Black "Tolba, Henri"]
[Result "1-0"]
[WhiteElo "1953"]
[BlackElo "1739"]
[PlyCount "93"]
[EventDate "2015.07.25"]
[EventType "swiss"]
[EventRounds "10"]
[EventCountry "DEN"]
[SourceTitle "CBM 167 Extra"]
[Source "ChessBase"]
[SourceDate "2015.09.14"]
[SourceVersion "1"]
[SourceVersionDate "2015.09.14"]
[SourceQuality "1"]

1. e4 d6 2. f4 Nf6 3. Nc3 Bg4 4. Be2 Bxe2 5. Qxe2 e5 6. d3 Nc6 7. Nf3 Qd7 8. h3 Nd4 9. Qf2 Nxf3+ 10. Qxf3 0-0-0 11. Be3 Kb8 12. g4 exf4 13. Bxf4 d5 14. e5 d4 15. exf6 dxc3 16. bxc3 Qe6+ 17. Kd2 Qxf6 18. Rab1 b6 19. Rhf1 Qe6 20. Rb3 f6 21. Re1 Qd7 22. Re4 Bd6 23. Bxd6 Qxd6 24. Qe2 Qc6 25. Rbb4 Rd5 26. Rbc4 Qb5 27. a4 Qa6 28. Rc6 Re5 29. Rxe5 fxe5 30. Qxe5 Rc8 31. Rc4 Qb7 32. Re4 Rg8 33. Qe7 Qc8 34. Rf4 Re8 35. Qf7 Qe6 36. Qxe6 Rxe6 37. h4 Re7 38. g5 g6 39. d4 Kb7 40. c4 a5 41. Kd3 Kc8 42. c5 Kd7 43. Kc4 bxc5 44. Kxc5 Re6 45. Rf7+ Ke8 46. Rxc7 Re2 47. c4 1-0

[Event "DEN-ch G5-1"]
[Site "Odense"]
[Date "2011.04.23"]
[Round "3"]
[White "Frank Nielsen, Marie"]
[Black "Mott, Jens"]
[Result "1-0"]
[WhiteElo "2026"]
[BlackElo "2038"]
[PlyCount "163"]
[EventDate "2011.04.21"]
[EventType "swiss"]
[EventRounds "5"]
[EventCountry "DEN"]
[SourceTitle "EXT 2018"]
[Source "ChessBase"]
[SourceDate "2017.10.13"]
[SourceVersion "1"]
[SourceVersionDate "2017.10.13"]
[SourceQuality "1"]

1. e4 e6 2. d4 d5 3. Nc3 Bb4 4. e5 c5 5. a3 Bxc3+ 6. bxc3 Qc7 7. Nf3 b6 8. Bb5+ Bd7 9. Bd3 c4 10. Be2 Ba4 11. 0-0 Nc6 12. Ng5 0-0-0 13. f4 h6 14. Nh3 g6 15. Nf2 Rf8 16. Qd2 Qe7 17. Nd1 f5 18. Nb2 Bb5 19. a4 Ba6 20. Nd1 Rf7 21. Rf3 Rfh7 22. Nf2 Qg7 23. Nh3 Nge7 24. Rg3 Rg8 25. Rb1 Qh8 26. Qe1 Nd8 27. Bd2 Nec6 28. Qc1 Rgg7 29. Qa3 Nf7 30. Qc1 Qd8 31. Kh1 Qe7 32. Ra1 Kc7 33. Be3 Rh8 34. Qa3 Qd8 35. Rf1 Rhg8 36. Bd2 Kb7 37. Rb1 Ka8 38. Be3 Bc8 39. Bd2 Na5 40. Qb4 Bd7 41. Ra1 Nc6 42. Qb1 g5 43. Nf2 g4 44. Nd1 h5 45. Nb2 h4 46. Re3 Ng5 47. fxg5 f4 48. Nxc4 dxc4 49. Re4 Rxg5 50. Rxf4 Na5 51. Qb4 Qc8 52. Raf1 Rf5 53. Kg1 h3 54. g3 Qc6 55. R1f2 Bc8 56. Qd6 Rxf4 57. Qxc6+ Nxc6 58. Rxf4 Ne7 59. Rxg4 Re8 60. Bxc4 Nf5 61. Bd3 a6 62. Rf4 Ne7 63. Rh4 Bd7 64. Bxa6 Bxa4 65. Bd3 Kb7 66. Rxh3 Kc6 67. Rh6 Nd5 68. c4 Nc7 69. Be4+ Kd7 70. Rh7+ Kc8 71. Bb4 Bd7 72. Rf7 Rg8 73. Rf8+ Rxf8 74. Bxf8 b5 75. cxb5 Nxb5 76. Bc5 Nc3 77. Bg6 Kc7 78. h4 Bc6 79. h5 Ne4 80. h6 Ng5 81. h7 Be8 82. h8Q 1-0

[Event "DEN-ch B7 Gr1 "]
[Site "Koge"]
[Date "2004.04.??"]
[Round "1"]
[White "Larsen, Hans Haagen"]
[Black "Mott, Jens"]
[Result "1-0"]
[WhiteElo "1601"]
[BlackElo "1861"]
[PlyCount "115"]
[EventDate "2004.04.08"]
[EventType "swiss"]
[EventRounds "7"]
[EventCountry "DEN"]
[SourceTitle "EXT 2023"]
[Source "ChessBase"]
[SourceDate "2022.10.05"]
[SourceVersion "1"]
[SourceVersionDate "2022.10.05"]
[SourceQuality "1"]

1. d4 Nf6 2. Bf4 d6 3. Nf3 Bf5 4. h3 Nd5 5. Bh2 Nb4 6. Na3 c6 7. c3 Nd5 8. Nd2 Nf6 9. f3 d5 10. g4 Bg6 11. Bg2 e6 12. Qb3 Qb6 13. h4 h5 14. g5 Ng8 15. e4 Qxb3 16. axb3 f5 17. exd5 exd5 18. 0-0 Nd7 19. Rfe1+ Kf7 20. Re2 Re8 21. Rae1 Rxe2 22. Rxe2 Ne7 23. Bc7 Nc8 24. c4 a6 25. c5 Be7 26. b4 Re8 27. Kf2 b6 28. Nb3 a5 29. bxa5 bxc5 30. dxc5 Nxc5 31. Nd4 Nd3+ 32. Kf1 Nb4 33. f4 Na6 34. Bb6 Bxa3 35. bxa3 Rxe2 36. Kxe2 Ke7 37. Nxc6+ Kd6 38. Nd4 Ne7 39. Bh3 Nc5 40. Ke3 Be8 41. Nxf5+ Nxf5+ 42. Bxf5 g6 43. Bc2 Nd7 44. Kd4 Nb8 45. f5 Nc6+ 46. Ke3 Ne5 47. Kf4 gxf5 48. Bxf5 Nc4 49. g6 Kc6 50. g7 Bf7 51. Bd8 d4 52. a6 Nd6 53. Bg6 Bg8 54. Bxh5 Nc8 55. Bg4 Na7 56. a4 d3 57. Ke3 Bc4 58. Kd4 1-0

[Event "DEN-ch B7 Gr1 "]
[Site "Koge"]
[Date "2004.04.??"]
[Round "7"]
[White "Mott, Jens"]
[Black "Nielsen, Ib"]
[Result "1-0"]
[WhiteElo "1861"]
[BlackElo "1550"]
[PlyCount "113"]
[EventDate "2004.04.08"]
[EventType "swiss"]
[EventRounds "7"]
[EventCountry "DEN"]
[SourceTitle "EXT 2023"]
[Source "ChessBase"]
[SourceDate "2022.10.05"]
[SourceVersion "1"]
[SourceVersionDate "2022.10.05"]
[SourceQuality "1"]

1. e4 e5 2. f4 exf4 3. Nf3 d6 4. Bc4 Be7 5. d4 Bh4+ 6. Kf1 Nc6 7. Bxf4 Bf6 8. Qd3 Bd7 9. Nc3 Na5 10. e5 Be7 11. exd6 cxd6 12. Re1 Nxc4 13. Qxc4 Rc8 14. Qb4 d5 15. Nxd5 Be6 16. Nxe7 Nxe7 17. Bg5 Rc7 18. Qb5+ Kf8 19. Qb4 h6 20. Bxe7+ Rxe7 21. b3 g6 22. c4 Kg7 23. Kf2 Rhe8 24. h3 Bf5 25. Rxe7 Rxe7 26. Re1 Rc7 27. g4 Bc8 28. Qa5 Bd7 29. Qd5 Qf6 30. Qe5 Rc6 31. d5 Qxe5 32. Nxe5 Rf6+ 33. Kg2 Bc8 34. c5 a6 35. Kg3 g5 36. Nc4 Bd7 37. Nd6 b6 38. b4 bxc5 39. bxc5 Kf8 40. Nb7 Bc8 41. Nd6 Bd7 42. Re4 h5 43. Re5 h4+ 44. Kg2 Ba4 45. Nf5 a5 46. c6 Bxc6 47. dxc6 Rxc6 48. Rxa5 f6 49. Ra8+ Kf7 50. Ra7+ Kf8 51. Ra3 Re6 52. Kf2 Kf7 53. Re3 Rc6 54. Re7+ Kg8 55. Re3 Kh7 56. Kf3 Kg6 57. Ne7+ 1-0

[Event "Lovsprings op 09th B"]
[Site "Ringsted"]
[Date "1997.04.04"]
[Round "3"]
[White "Hansen, Ove Frank"]
[Black "Mott, Jens"]
[Result "1-0"]
[WhiteElo "1888"]
[BlackElo "1799"]
[PlyCount "81"]
[EventDate "1997.03.14"]
[EventType "swiss"]
[EventRounds "7"]
[EventCountry "DEN"]
[SourceTitle "EXT 2023"]
[Source "ChessBase"]
[SourceDate "2022.10.05"]
[SourceVersion "1"]
[SourceVersionDate "2022.10.05"]
[SourceQuality "1"]

1. e4 e6 2. d4 d5 3. exd5 exd5 4. c4 Nf6 5. Nc3 Bb4 6. Bd3 0-0 7. Nge2 dxc4 8. Bxc4 a6 9. 0-0 b5 10. Bd3 Re8 11. Bg5 Bb7 12. Qc2 h6 13. Bh4 Nbd7 14. a4 bxa4 15. Nxa4 Be7 16. Nc5 Nxc5 17. dxc5 Nd5 18. Bxe7 Rxe7 19. Bc4 Nb4 20. Qb3 a5 21. Rfd1 Qc8 22. Rd4 Ba6 23. Ng3 Nc6 24. Rf4 Qe8 25. h3 Rb8 26. Qc3 Bxc4 27. Nf5 Re5 28. Qxc4 Rb4 29. Qc1 Rxf5 30. Rxf5 Nd4 31. Qb1 Nxf5 32. Qxf5 Rxb2 33. Kh2 Rb5 34. Rd1 g6 35. Qf6 Rb8 36. c6 Kh7 37. Rd7 Kg8 38. Rxc7 Rb6 39. Re7 Qb8+ 40. g3 Qf8 41. Rd7 1-0

[Event "Lovsprings op 09th B"]
[Site "Ringsted"]
[Date "1997.03.14"]
[Round "1"]
[White "Mott, Jens"]
[Black "Rasmussen, Henning H"]
[Result "0-1"]
[WhiteElo "1799"]
[BlackElo "1849"]
[PlyCount "58"]
[EventDate "1997.03.14"]
[EventType "swiss"]
[EventRounds "7"]
[EventCountry "DEN"]
[SourceTitle "EXT 2023"]
[Source "ChessBase"]
[SourceDate "2022.10.05"]
[SourceVersion "1"]
[SourceVersionDate "2022.10.05"]
[SourceQuality "1"]

1. e4 e6 2. d4 d5 3. Nc3 Nf6 4. e5 Nfd7 5. Nce2 c5 6. c3 Nc6 7. f4 Qb6 8. Nf3 Be7 9. g3 f5 10. exf6 Nxf6 11. Ne5 cxd4 12. Nxc6 bxc6 13. Nxd4 0-0 14. Qb3 c5 15. Qxb6 axb6 16. Nc6 Bd6 17. Be3 Bb7 18. Bb5 Rfc8 19. Nd4 cxd4 20. Bxd4 Bc6 21. Bd3 Bc5 22. b3 Bxd4 23. cxd4 Bd7 24. 0-0 Rc3 25. Rfd1 Rac8 26. h3 Ne4 27. Kg2 b5 28. Kf3 b4 29. Rab1 Bb5 0-1

[Event "Lovsprings op 06th B"]
[Site "Ringsted"]
[Date "1994.04.03"]
[Round "2"]
[White "Mott, Jens"]
[Black "Larsen, Bjorn"]
[Result "0-1"]
[WhiteElo "1838"]
[BlackElo "1877"]
[PlyCount "84"]
[EventDate "1994.03.27"]
[EventType "swiss"]
[EventRounds "7"]
[EventCountry "DEN"]
[SourceTitle "EXT 2023"]
[Source "ChessBase"]
[SourceDate "2022.10.05"]
[SourceVersion "1"]
[SourceVersionDate "2022.10.05"]
[SourceQuality "1"]

1. d4 f5 2. c4 Nf6 3. Nf3 g6 4. Nc3 Bg7 5. e3 0-0 6. Bd3 d6 7. Qc2 Nc6 8. a3 e5 9. d5 Ne7 10. Ng5 h6 11. Nh3 e4 12. Be2 g5 13. f4 g4 14. Ng1 c6 15. dxc6 bxc6 16. Bd2 Qb6 17. Na4 Qc7 18. Bc3 c5 19. Rd1 Bd7 20. Rd2 Qc6 21. Bxf6 Bxf6 22. Nc3 Rab8 23. b3 a6 24. Bd1 Be6 25. Na4 Rfc8 26. Ne2 d5 27. 0-0 dxc4 28. bxc4 Rd8 29. Rxd8+ Rxd8 30. Nc1 Nc8 31. Be2 Nb6 32. Nxb6 Qxb6 33. Nb3 Bd7 34. Qa2 Ba4 35. Rb1 h5 36. Nd2 Rxd2 37. Rxb6 Rxa2 38. Bxg4 fxg4 39. Rxa6 Bd4 40. exd4 cxd4 41. Rxa4 d3 42. Kf1 e3 0-1

[Event "Lovfalds 07th B"]
[Site "Ringsted"]
[Date "1993.09.24"]
[Round "5"]
[White "Holst, Peter"]
[Black "Mott, Jens"]
[Result "1-0"]
[WhiteElo "1725"]
[BlackElo "1860"]
[PlyCount "73"]
[EventDate "1993.??.??"]
[EventType "swiss"]
[EventRounds "6"]
[EventCountry "DEN"]
[SourceTitle "EXT 2023"]
[Source "ChessBase"]
[SourceDate "2022.10.05"]
[SourceVersion "1"]
[SourceVersionDate "2022.10.05"]
[SourceQuality "1"]

1. e4 e5 2. Nf3 Nf6 3. Nc3 Nc6 4. d4 Bb4 5. Nxe5 Qe7 6. Nxc6 Qxe4+ 7. Be2 Qxc6 8. 0-0 Bxc3 9. Bf3 d5 10. bxc3 0-0 11. Bg5 Ne4 12. Bxe4 dxe4 13. Qd2 Be6 14. Rfe1 f6 15. Bf4 Rad8 16. Qe3 Rfe8 17. Qg3 Rd7 18. Re3 Bf7 19. f3 Bg6 20. fxe4 Bxe4 21. Rae1 f5 22. Qf2 Re6 23. Be5 Rg6 24. Rg3 Rxg3 25. Qxg3 Bxc2 26. Qf2 Be4 27. Qb2 a5 28. a3 Qe6 29. Re3 c5 30. Rg3 g6 31. Qb5 b6 32. h3 c4 33. Qb2 Qc6 34. Kh2 Rd5 35. Qd2 Qe8 36. Qg5 Qf8 37. Kg1 1-0